Gender implication of tribal customary law (Record no. 1141767)
[ view plain ]
| 000 -LEADER | |
|---|---|
| fixed length control field | 00915nam a2200277Ia 4500 |
| 003 - CONTROL NUMBER IDENTIFIER | |
| control field | OSt |
| 005 - DATE AND TIME OF LATEST TRANSACTION | |
| control field | 20221007070852.0 |
| 008 - FIXED-LENGTH DATA ELEMENTS--GENERAL INFORMATION | |
| fixed length control field | 221006b |||||||| |||| 00| 0 eng d |
| 020 ## - INTERNATIONAL STANDARD BOOK NUMBER | |
| International Standard Book Number | 9788131608739 |
| 037 ## - SOURCE OF ACQUISITION | |
| Terms of availability | Textual |
| 040 ## - CATALOGING SOURCE | |
| Original cataloging agency | FLL |
| Transcribing agency | FLL |
| Language of cataloging | eng |
| 041 ## - LANGUAGE CODE | |
| Source of code | eng |
| Language code of text/sound track or separate title | eng |
| 100 ## - MAIN ENTRY--PERSONAL NAME | |
| Personal name | PEREIRA Melvil Ed. |
| 9 (RLIN) | 687863 |
| 245 #0 - TITLE STATEMENT | |
| Title | Gender implication of tribal customary law |
| Remainder of title | cases of North-East India |
| 260 ## - PUBLICATION, DISTRIBUTION, ETC. | |
| Place of publication, distribution, etc. | Jaipur |
| Name of publisher, distributor, etc. | Rawat Publication India |
| Date of publication, distribution, etc. | 2017 |
| 300 ## - PHYSICAL DESCRIPTION | |
| Extent | xiii,244p. |
| Dimensions | cm. |
| 700 ## - ADDED ENTRY--PERSONAL NAME | |
| Personal name | ATHPARIA R.P. Ed. |
| 9 (RLIN) | 687864 |
| 700 ## - ADDED ENTRY--PERSONAL NAME | |
| Personal name | CHANGMI Sunumi Ed. |
| 9 (RLIN) | 687865 |
| 700 ## - ADDED ENTRY--PERSONAL NAME | |
| Personal name | CHETIA Jyotikona Ed. |
| 9 (RLIN) | 687866 |
| 942 ## - ADDED ENTRY ELEMENTS (KOHA) | |
| Classification part | Y15-72:(Z,922).29W, Q7 |
| Koha item type | Textual |
| Source of classification or shelving scheme | Colon Classification (CC) |
| Withdrawn status | Lost status | Source of classification or shelving scheme | Damaged status | Not for loan | Home library | Current library | Date acquired | Total Checkouts | Full call number | Barcode | Date last seen | Price effective from | Koha item type |
|---|---|---|---|---|---|---|---|---|---|---|---|---|---|
| Colon Classification (CC) | Faculty of Law Library | Faculty of Law Library | 2022-10-07 | Y15-72:(Z,922).29W Q7 | LL1616186 | 2022-10-07 | 2022-10-07 | Textual |
